The Comical History of Don Quixote (Record no. 3200)

MARC details
000 -CABECERA
campo de control de longitud fija 01036nam a2200289 a 4500
001 - NÚMERO DE CONTROL
campo de control BRCA_3464
005 - FECHA Y HORA DE LA ÚLTIMA TRANSACCIÓN
campo de control 20190320204309.0
041 ## - CÓDIGO DE LENGUA
Código de lengua del texto/banda sonora o título independiente eng
044 ## - CÓDIGO DEL PAÍS DE LA ENTIDAD EDITORA/PRODUCTORA
Código MARC del país enk
084 ## - OTRO NÚMERO DE CLASIFICACIÓN
Número de clasificación 753
Número de documento/Ítem .D87
-- 1694
100 1# - ENTRADA PRINCIPAL--NOMBRE DE PERSONA
Nombre de persona Durfey, Thomas
9 (RLIN) 9042
245 10 - MENCIÓN DE TÍTULO
Título The Comical History of Don Quixote
Mención de responsabilidad, etc. Written by Thomas Durfey.
260 ## - PUBLICACIÓN, DISTRIBUCIÓN, ETC.
Lugar de publicación, distribución, etc. Londres
Nombre del editor, distribuidor, etc. Samuel Briscoe
Fecha de publicación, distribución, etc. 1694
300 ## - DESCRIPCIÓN FÍSICA
Extensión 1 v. en 2 partes
Dimensiones 23 cm.
500 ## - NOTA GENERAL
Nota general Edición : As it was Acted at the Queen´s Theatre in Dorset-Garden, by Their Majesties Servants
500 ## - NOTA GENERAL
Nota general Adaptación teatral de la novela. Rústica Lúdovik Osterc
500 ## - NOTA GENERAL
Nota general Estado físico : Encuadernación maltratada
500 ## - NOTA GENERAL
Nota general QMB96
546 ## - NOTA DE LENGUA/LENGUAJE
Nota de lengua/lenguaje Texto en : inglés
650 14 - PUNTO DE ACCESO ADICIONAL DE MATERIA--TÉRMINO DE MATERIA
Término de materia o nombre geográfico como elemento de entrada Novela española
Subdivisión cronológica Época clásica, 1500-1700
9 (RLIN) 215
650 14 - PUNTO DE ACCESO ADICIONAL DE MATERIA--TÉRMINO DE MATERIA
Término de materia o nombre geográfico como elemento de entrada Literatura española
Subdivisión cronológica Época clásica, 1500-1700
9 (RLIN) 216
650 14 - PUNTO DE ACCESO ADICIONAL DE MATERIA--TÉRMINO DE MATERIA
Término de materia o nombre geográfico como elemento de entrada Novela española
Subdivisión cronológica Siglo XVII
9 (RLIN) 217
650 14 - PUNTO DE ACCESO ADICIONAL DE MATERIA--TÉRMINO DE MATERIA
Término de materia o nombre geográfico como elemento de entrada Don Quijote (Personaje ficticio)
Término indicativo de función/relación Novela
9 (RLIN) 218
740 0# - PUNTO DE ACCESO ADICIONAL--TÍTULO RELACIONADO O ANALÍTICO NO CONTROLADO
Título relacionado o analítico no controlado El Ingenioso Hidalgo Don Quijote de la Mancha
902 ## - CATALOGADOR
Iniciales QFM
942 ## - ELEMENTOS DE PUNTO DE ACCESO ADICIONAL (KOHA)
Fuente del sistema de clasificación o colocación Library of Congress Classification
Tipo de ítem Koha Libros
Holdings
Estado de retiro Estado de pérdida Estado dañado No para préstamo Localización permanente Ubicación/localización actual Fecha de adquisición Número de inventario Total de préstamos Signatura topográfica completa Código de barras Fecha visto por última vez Precio válido a partir de Tipo de ítem Koha
El ejemplar forma parte de la colección y puede ser consultado según las políticas vigentes.       Biblioteca del Museo Franz Mayer (Rogerio Casas-Alatriste) Biblioteca del Museo Franz Mayer (Rogerio Casas-Alatriste) 16/04/2009 QMB96   753 .D87 1694 (QMB96) 3461 22/03/2019 22/03/2019 Libros